LEADER 01745ncm 2200493Ia 450 001 996394575903316 005 20210104163556.0 035 $a(CKB)3810000000008441 035 $a(EEBO)2240890494 035 $a(OCoLC)ocm58044281e 035 $a(OCoLC)58044281 035 $a(EXLCZ)993810000000008441 100 $a20050304d1704 uy 101 0 $aeng 135 $aurbn||||a|bb| 200 14$aThe 1st vers of Paris in the Prize musick$b[electronic resource] /$fcompos'd by Mr. Daniel Purcell, within the compass of the flute 210 $a[London $cs.n.$dca. 1704] 215 $a1 score ([1] leaf) 300 $aSong from 'The judgment of Paris', for high voice and continuo (figured bass); with a version for the flute. 300 $aCaption title. 300 $aFirst line: O, O ravishing delight. 300 $a"Tho: Cross sculp"--Foot of page. 300 $aEngraved throughout. 300 $aIn: A collection of songs by severall masters / [collected by] Francis Norton. 300 $aReproduction of the original in the British Library. 330 $aeebo-0018 606 $aSongs (High voice) with continuo 606 $aMasques with music$vExcerpts$vVocal scores with continuo 606 $aSongs, English 615 0$aSongs (High voice) with continuo. 615 0$aMasques with music 615 0$aSongs, English. 700 $aPurcell$b Daniel$f1660?-1717.$01002385 701 $aCross$b Thomas$ffl. 1632-1682.$01003497 701 $aNorton$b Francis$01003498 801 0$bUMI 801 1$bUMI 801 2$bOCLCQ 801 2$bOCLCG 801 2$bUMI 906 $aBOOK 912 $a996394575903316 996 $aThe 1st vers of Paris in the Prize musick$92424887 997 $aUNISA